| 000 | 01031nam a2200289 4500 | ||
|---|---|---|---|
| 001 | 0000016009 | ||
| 003 | CO-CtgCURN | ||
| 005 | 20250529155746.0 | ||
| 007 | ta | ||
| 008 | 160627s2000 000 0 eng d | ||
| 020 | _a8445809504 | ||
| 040 |
_aCO-CtgCURN _bspa _ccoctgcurn |
||
| 082 | 0 |
_a618.107 _bS34c |
|
| 100 | 1 | _aSidl, Stefan. | |
| 245 | 1 | 0 |
_aColposcopia práctica : _bcompendio y atlas / _cStefan Sidl. |
| 260 |
_aMadrid : _bLegis, _c2000. |
||
| 300 | _a384 p. | ||
| 336 | _2rdacontent | ||
| 337 |
_2rdamedia _asin mediacion _bn |
||
| 338 |
_2rdacarrier _avolumen _bnc |
||
| 500 | _aIncluye indice de capitulo. | ||
| 505 | 8 | _aIntroducción al metodo a la tecnica.--Diagnostico precoz del carcinoma de cuello uterino.--Diversos hallazgos colposcopicos de la portio.--Colposcopia diferencial.--La biopsia dirigida bajo control colposcopico | |
| 650 | 1 | 4 | _aMicroscopia medica. |
| 908 | _a160627 | ||
| 942 |
_cBK _h618.107 _iS34c _2ddc _n0 |
||
| 999 |
_c9874 _d9874 |
||